000 00717nam a2200229Ia 4500
001 7524
003 GE_BSU
008 181216s||||||||xx |||||||||||||| ||und||
040 _cGE_BSU
080 _a621.867(075.8)
100 _aЗенков,Р.Л. Ивашков,И.И. Колобов,Л.Н.
245 _aМашины непрерывного транспорта.
245 _bУчебник.
245 _cРед. И.Н.Якунина.
250 _a2-е изд. перераб. и доп.
260 _aМ.
260 _bМашиностроение.
260 _c1987.
300 _a432стр. с илл. 22см.
653 _aМашины непрерывного транспорта.
942 _cBK
999 _c40880
_d40880